000 01395nam2a22002651 4500
001 RU\NLR\INFOCOMM21\5000049858
005 20050131151229.8
035 _a(NLR Aleph) 002410815
090 _a1815611
_c1815611
100 _a20050128d1968 |||y0rusy50 ca
101 0 _arus
102 _aRU
105 _ay ||||000|y
200 1 _aСуммарное влияние конвективной теплопередачи и теплопередачи излучением при входе в плотные слои атмосферы летательного аппарата, имеющего сверх орбитальную скорость
_fА.С. Букингэм, Г. Хошизаки
210 _d1968
461 0 _1001RU\NLR\INFOCOMM21\5000048626
_12001#$aОбзоры. Переводы. Рефераты$fЦАГИ. Бюро науч. информации$v№247
_93998302
_aЦентральный аэрогидродинамический институт им. Н. Е. Жуковского (Москва)
_c[М.]
_d1962-
_fЦАГИ. Бюро науч. информации
_tОбзоры. Переводы. Рефераты
_v№247
700 1 _aБукингэм
_bА. С.
_4070
701 1 _aХошизаки
_bГ.
_4070
801 0 _aRU
_bNLR
_gPSBO
801 1 _aRU
_bInfoComm
_c20050131
852 _aNLR
_jП11/2256
942 _cISSUE
980 _aNB
980 _aRUSPER